000 00254nam a2200109Ia 4500
100 _aScott Berkun
250 _a2009 Ed.
942 _cBK
245 _aConfession of A Public Speaker
260 _aShroff Pub. & Distr. Ltd. Mumbai
082 _a808.51
_bSCO
999 _c423705
_d423705